Command Decisions / (Record no. 193893)
[ view plain ]
| 000 -LEADER | |
|---|---|
| fixed length control field | 01580 a2200157 4500 |
| 003 - CONTROL NUMBER IDENTIFIER | |
| control field | Nust |
| 005 - DATE AND TIME OF LATEST TRANSACTION | |
| control field | 20230119140105.0 |
| 040 ## - CATALOGING SOURCE | |
| Transcribing agency | Nust |
| 082 ## - DEWEY DECIMAL CLASSIFICATION NUMBER | |
| Classification number | 355.33041,COM |
| 100 ## - MAIN ENTRY--PERSONAL NAME | |
| Personal name | Martin Blumenson |
| 9 (RLIN) | 107116 |
| 245 ## - TITLE STATEMENT | |
| Title | Command Decisions / |
| Statement of responsibility, etc. | Kent Roberts Greenfield |
| 260 ## - PUBLICATION, DISTRIBUTION, ETC. | |
| Place of publication, distribution, etc. | Washington |
| Name of publisher, distributor, etc. | Army education press |
| Date of publication, distribution, etc. | 1990 |
| 300 ## - PHYSICAL DESCRIPTION | |
| Extent | vii: 565,p.; |
| 505 ## - FORMATTED CONTENTS NOTE | |
| Formatted contents note | Germany First The Basic Concept of Allied Strategy in World War II (Page-11), The German Decision to Invade Norway and Denmark (Page-49), Decision to land United States Forces in Iceland (Page-73), Japan Decision For War (Page-99), The Decision to Evacuate the Japanese from the Pacific Coast (Page-125), The Decision to Withdraw to Bataan (Page-151), The Decision to Invide North Africa (Page-173), U.S. Merchant Shipping and The British (Page-199), The Persian Corridor as a Route for AID to the USSR (Page-225), Overlord Versus the Mediterranean at The Cairo Theran Conferences (Page-253), Macarthur the Admiralties (Page-287), Hitters Discussions on the defense Italy (Page-303), General Lucas at Anzio (Page-323), General Clarke Decision to drive on Rome (Page-351), The 90 Division Gamble (Page-365), The Anvil Decision (Page-383), General Bradley’s Decision at Argentina (Page-401), Logistics and the Broad Front Strategy (Page-419), The discussion to the Lunch Operation Market (Page-429), The German Counteroffensive in the AIR Defiance (Page-443), Luzon Versus Formosa (Page-461), The Dission to Health at The Elbe (Page-479), The Decision to the Atomic Bomb (Page-493). |
| 942 ## - ADDED ENTRY ELEMENTS (KOHA) | |
| Source of classification or shelving scheme | |
| Koha item type | Book |
| Call number prefix | 355.33041,COM |
| Withdrawn status | Lost status | Source of classification or shelving scheme | Damaged status | Not for loan | Permanent Location | Current Location | Shelving location | Date acquired | Full call number | Barcode | Date last seen | Price effective from | Koha item type | Public note |
|---|---|---|---|---|---|---|---|---|---|---|---|---|---|---|
| Military College of Signals (MCS) | Military College of Signals (MCS) | General Stacks | 12/12/2016 | 355.33041,COM | MCS26451 | 12/08/2016 | 12/12/2016 | Book | Almirah No.53, Shelf No.2 |
